000
00318nam a22001337a 4500
003
SGT
082
_a
370.1
_b
S14T
100
_a
SINHA,SHARMA
245
_a
A TEXT BOOK OF ENVIRONMENTAL STUDIES
260
_a
VARANASI
_b
CHAUKHAMBHA
_c
2014
300
_a
327
650
_a
AYURVEDA ENVIRONMENTAL STUDIES
942
_2
ddc
_c
BK
_0
13
999
_c
8688
_d
8688